Earth science

Guardado en:
Detalles Bibliográficos
Formato: Libro
Lenguaje:Undetermined
Publicado: New York Glencoe/McGraw-Hill 1997
Materias:
Etiquetas: Agregar Etiqueta
Sin Etiquetas, Sea el primero en etiquetar este registro!
Thư viện lưu trữ: Trung tâm Học liệu Trường Đại học Cần Thơ
LEADER 00399nam a2200157Ia 4500
001 CTU_109708
008 210402s9999 xx 000 0 und d
082 |a 550 
082 |b E13 
245 0 |a Earth science 
260 |a New York 
260 |b Glencoe/McGraw-Hill 
260 |c 1997 
650 |a Earth sciences 
904 |i Giang, Q. Hieu 
980 |a Trung tâm Học liệu Trường Đại học Cần Thơ